[Event "Lanaudiere"]
[Site "Repentigny CAN"]
[Date "2000.10.14"]
[Round "1"]
[White "Gilman, Arkadiy"]
[Black "Leveille, Alain"]
[Result "1-0"]
[WhiteElo "2085"]
[BlackElo "1481"]
[PlyCount "87"]
[GameId "2160767911652704"]
[EventDate "2000.08.18"]
[EventType "swiss"]
[EventRounds "5"]
[EventCountry "CAN"]

1. d4 e6 2. c4 d5 3. Nc3 Bb4 4. e3 Nf6 5. Bd3 O-O 6. Nf3 c5 7. O-O Bxc3 8. bxc3 cxd4 9. cxd4 Nc6 10. Qe2 Re8 11. Bb2 Nb4 12. Bb1 dxc4 13. Qxc4 Nbd5 14. Qb3 b6 15. Bd3 a5 16. Rac1 Bd7 17. Ne5 a4 18. Qa3 b5 19. Qd6 Rb8 20. a3 Rb6 21. Qc5 Qb8 22. Qc2 Rd8 23. g3 Rb7 24. e4 Ne7 25. Bc3 Be8 26. Qb1 Rc8 27. Bb4 Nc6 28. Nxc6 Bxc6 29. e5 Nd5 30. Bxh7+ Kh8 31. Bd3 Nxb4 32. Qxb4 Rbc7 33. Rc5 Qa8 34. Rfc1 Bh1 35. Bf1 Rxc5 36. Rxc5 Rd8 37. Qd2 Qe4 38. Qe3 Qb1 39. Rc1 Qb2 40. Kxh1 Rxd4 41. Bxb5 Rd2 42. Rc8+ Kh7 43. Qe4+ g6 44. Qh4+ 1-0

[Event "Lanaudiere"]
[Site "Repentigny CAN"]
[Date "2000.10.14"]
[Round "1"]
[White "Ouellet-Leveille, Bertrand"]
[Black "Mikanovic, Goran"]
[Result "0-1"]
[WhiteElo "1704"]
[BlackElo "2323"]
[PlyCount "76"]
[GameId "2160767911652705"]
[EventDate "2000.08.18"]
[EventType "swiss"]
[EventRounds "5"]
[EventCountry "CAN"]

1. e4 c5 2. d4 cxd4 3. c3 dxc3 4. Nxc3 Nc6 5. Bc4 e6 6. Nf3 Nf6 7. O-O Qc7 8. Bb3 a6 9. Qe2 Be7 10. Be3 Ng4 11. Rac1 Nxe3 12. Qxe3 O-O 13. Rfd1 b5 14. Ne2 Bb7 15. Ned4 Rad8 16. e5 Qb8 17. Rd2 Na5 18. Rdc2 Nxb3 19. Qxb3 Rc8 20. Qd3 Rxc2 21. Nxc2 d6 22. exd6 Qxd6 23. Qe2 Qf4 24. Ne3 Bd6 25. Rd1 Bxf3 26. Qxf3 Qxh2+ 27. Kf1 h5 28. g3 Bc5 29. Ke2 Bxe3 30. Kxe3 Qh3 31. Rh1 Qg4 32. Qc6 Rd8 33. Rg1 Qg5+ 34. f4 Qf5 35. Qc3 e5 36. fxe5 Rd5 37. Rc1 Rxe5+ 38. Kd2 Qf2+ 0-1

[Event "Lanaudiere"]
[Site "Repentigny CAN"]
[Date "2000.10.14"]
[Round "1"]
[White "Tremblay, Dominique"]
[Black "Trottier, Yves"]
[Result "1/2-1/2"]
[WhiteElo "1558"]
[BlackElo "1953"]
[PlyCount "45"]
[GameId "2160767911652707"]
[EventDate "2000.08.18"]
[EventType "swiss"]
[EventRounds "5"]
[EventCountry "CAN"]

1. d4 d5 2. Nf3 Nf6 3. Bf4 e6 4. e3 c5 5. c3 Nc6 6. h3 a6 7. Bd3 b5 8. Nbd2 Be7 9. O-O Bd7 10. Ne5 c4 11. Bc2 b4 12. e4 Qa5 13. exd5 exd5 14. Nxc6 Bxc6 15. Re1 bxc3 16. Qe2 Qd8 17. bxc3 Bd7 18. Bd6 Be6 19. Ba4+ Kf8 20. Bxe7+ Qxe7 21. a3 Qc7 22. Qe5 Qxe5 23. Rxe5 1/2-1/2

[Event "Lanaudiere"]
[Site "Repentigny CAN"]
[Date "2000.08.19"]
[Round "2"]
[White "Desmarais, Emmanuel"]
[Black "Charbonneau, Anne-Marie"]
[Result "0-1"]
[WhiteElo "2068"]
[BlackElo "1780"]
[PlyCount "86"]
[GameId "2160767911652708"]
[EventDate "2000.08.18"]
[EventType "swiss"]
[EventRounds "5"]
[EventCountry "CAN"]

1. e4 c5 2. Nc3 g6 3. g3 Bg7 4. Bg2 Nc6 5. d3 e6 6. f4 Nge7 7. Nge2 Rb8 8. a4 a6 9. g4 f5 10. gxf5 exf5 11. O-O O-O 12. Be3 d6 13. d4 fxe4 14. dxc5 d5 15. Nd4 Nf5 16. Nxf5 Rxf5 17. Bf2 Rh5 18. Bg3 Bd4+ 19. Kh1 Bf5 20. Nxd5 Qxd5 21. c3 Qxc5 22. cxd4 Qxd4 23. Qb3+ Kg7 24. Be1 Qd7 25. Bc3+ Kh6 26. Rad1 Qe7 27. Qb6 Qh4 28. Qg1 Rd8 29. Rxd8 Nxd8 30. Be1 Qf6 31. Bc3 Qh4 32. Be1 Qe7 33. Qd4 Ne6 34. Qe5 Qg7 35. Qd6 Qxb2 36. Bb4 Qg7 37. Re1 Rh4 38. Bd2 Qc7 39. Qa3 Nxf4 40. Qg3 g5 41. Rf1 Rg4 42. Bxf4 Rxf4 43. Rd1 Qe7 0-1

[Event "Lanaudiere"]
[Site "Repentigny CAN"]
[Date "2000.09.19"]
[Round "2"]
[White "Simard, Francois"]
[Black "Newton, Paul"]
[Result "1/2-1/2"]
[WhiteElo "1820"]
[BlackElo "2015"]
[PlyCount "74"]
[GameId "2160767911652710"]
[EventDate "2000.08.18"]
[EventType "swiss"]
[EventRounds "5"]
[EventCountry "CAN"]

1. d4 d5 2. c4 e6 3. Nc3 Nf6 4. Bg5 Nbd7 5. Nf3 Bb4 6. Rc1 O-O 7. e3 c5 8. cxd5 exd5 9. dxc5 Qa5 10. Bxf6 Nxf6 11. Bd3 Qxa2 12. b3 Bg4 13. O-O Bxc3 14. Rxc3 Ne4 15. Rc1 Qa5 16. Qc2 Bxf3 17. gxf3 Nd2 18. Bxh7+ Kh8 19. Qf5 g6 20. Bxg6 fxg6 21. Qe5+ Kh7 22. Qe7+ Kh6 23. Qh4+ Kg7 24. Qe7+ Rf7 25. Qe5+ Kg8 26. Qxd5 Nxf3+ 27. Kh1 Rd8 28. Qe4 Qc7 29. Qxg6+ Rg7 30. Qe6+ Qf7 31. Qxf7+ Kxf7 32. Rc4 Nxh2 33. Rf4+ Ke6 34. Rg1 Rh7 35. Rg6+ Ke5 36. Rg5+ Ke6 37. Rg6+ Ke5 1/2-1/2

[Event "Lanaudiere"]
[Site "Repentigny CAN"]
[Date "2000.10.14"]
[Round "2"]
[White "Bergeron, Michel"]
[Black "Gilman, Arkadiy"]
[Result "1/2-1/2"]
[WhiteElo "1690"]
[BlackElo "2085"]
[PlyCount "77"]
[GameId "2160767911652711"]
[EventDate "2000.08.18"]
[EventType "swiss"]
[EventRounds "5"]
[EventCountry "CAN"]

1. Nf3 d5 2. d4 Nf6 3. c4 c6 4. cxd5 cxd5 5. Nc3 Nc6 6. e3 Bf5 7. Qb3 Rb8 8. Be2 e6 9. Bb5 Nd7 10. O-O Be7 11. Re1 O-O 12. e4 dxe4 13. Nxe4 Qb6 14. Ng3 Bg4 15. Bxc6 bxc6 16. Qd3 Bxf3 17. Qxf3 Nf6 18. Bf4 Rbd8 19. a3 Nd5 20. Rad1 Nxf4 21. Qxf4 Bd6 22. Qe4 Bxg3 23. hxg3 Qxb2 24. Qxc6 Rxd4 25. Qc5 Rfd8 26. Rb1 Qd2 27. Red1 Qxd1+ 28. Rxd1 Rxd1+ 29. Kh2 R1d5 30. Qc2 h5 31. Qc3 g6 32. Qc7 a5 33. a4 R8d7 34. Qc8+ Kh7 35. Kh3 Rd1 36. g4 hxg4+ 37. Kxg4 R7d4+ 38. Kg3 Rxa4 39. Qc7 1/2-1/2

[Event "Lanaudiere"]
[Site "Repentigny CAN"]
[Date "2000.10.14"]
[Round "2"]
[White "Cloutier, Mario"]
[Black "Dupont, Alain"]
[Result "1/2-1/2"]
[WhiteElo "1531"]
[BlackElo "1639"]
[PlyCount "63"]
[GameId "2160767911652712"]
[EventDate "2000.08.18"]
[EventType "swiss"]
[EventRounds "5"]
[EventCountry "CAN"]

1. e4 e6 2. d4 d5 3. Nd2 Nf6 4. e5 Nfd7 5. Bd3 c5 6. c3 c4 7. Bc2 Nc6 8. Ne2 Qc7 9. f4 Nb6 10. b3 Na5 11. b4 Nc6 12. a4 Bd7 13. a5 Nc8 14. O-O a6 15. f5 N8a7 16. Nf4 O-O-O 17. Nf3 h6 18. Nh4 Be7 19. fxe6 Bxe6 20. Nxe6 fxe6 21. Ng6 Rhg8 22. Qg4 Qd7 23. Rf7 Nb5 24. Ba4 Rde8 25. Bxb5 axb5 26. a6 bxa6 27. Rxa6 Kb7 28. Ra2 Nd8 29. Nxe7 Nxf7 30. Nxg8 Rxg8 31. Ra5 Kb6 32. Qe2 1/2-1/2

[Event "Lanaudiere"]
[Site "Repentigny CAN"]
[Date "2000.10.14"]
[Round "2"]
[White "Dominique, Vladimir"]
[Black "Senecal, Jean-Pierre"]
[Result "1-0"]
[WhiteElo "1546"]
[BlackElo "1581"]
[PlyCount "57"]
[GameId "2160767911652713"]
[EventDate "2000.08.18"]
[EventType "swiss"]
[EventRounds "5"]
[EventCountry "CAN"]

1. e4 c5 2. Nf3 Nc6 3. d4 d6 4. Bc4 e6 5. d5 Ne5 6. Nxe5 dxe5 7. O-O exd5 8. Bxd5 Nf6 9. Bxf7+ Ke7 10. Bd5 Nxd5 11. exd5 Kf7 12. Qh5+ g6 13. Qxe5 Qf6 14. Qxf6+ Kxf6 15. b3 Rg8 16. Bb2+ Kf7 17. Nd2 Bg7 18. Bxg7 Kxg7 19. c4 Re8 20. Rfe1 Bf5 21. f3 h5 22. Kf2 Rad8 23. Rxe8 Rxe8 24. Re1 Kf7 25. Rxe8 Kxe8 26. Ne4 b6 27. Nd6+ Kd7 28. Nxf5 gxf5 29. Kg3 1-0

[Event "Lanaudiere"]
[Site "Repentigny CAN"]
[Date "2000.10.14"]
[Round "2"]
[White "Tremblay, Dominique"]
[Black "Duplessis, Jean-Roch"]
[Result "1/2-1/2"]
[WhiteElo "1401"]
[BlackElo "1439"]
[PlyCount "40"]
[GameId "2160767911652716"]
[EventDate "2000.08.18"]
[EventType "swiss"]
[EventRounds "5"]
[EventCountry "CAN"]

1. e4 e6 2. d4 d5 3. Nc3 Nf6 4. e5 Nfd7 5. Nce2 c5 6. c3 Nc6 7. Nf3 f6 8. exf6 Nxf6 9. Nf4 Qc7 10. Nd3 cxd4 11. cxd4 Bd6 12. Be3 O-O 13. Be2 Ne4 14. O-O Qf7 15. Nde5 Nxe5 16. dxe5 Bc5 17. Ng5 Nxg5 18. Bxc5 Rd8 19. Bh5 Qf5 20. Bg4 Qf7 1/2-1/2

[Event "Lanaudiere"]
[Site "Repentigny CAN"]
[Date "2000.08.19"]
[Round "3"]
[White "Charbonneau, Anne-Marie"]
[Black "Fortier, Marc-Andre"]
[Result "0-1"]
[WhiteElo "1780"]
[BlackElo "2124"]
[PlyCount "98"]
[GameId "2160767911652717"]
[EventDate "2000.08.18"]
[EventType "swiss"]
[EventRounds "5"]
[EventCountry "CAN"]

1. d4 Nf6 2. c4 g6 3. Nc3 Bg7 4. Bg5 d6 5. e3 O-O 6. Nf3 c6 7. Be2 Nbd7 8. O-O Re8 9. b4 h6 10. Bh4 Nh7 11. Qb3 Ndf8 12. Rad1 g5 13. Bg3 Ng6 14. b5 f5 15. c5+ d5 16. Bd3 e6 17. h3 h5 18. Rb1 g4 19. hxg4 hxg4 20. Nh2 e5 21. Ne2 exd4 22. Nxd4 Bxd4 23. exd4 Nhf8 24. Bd6 Qf6 25. Qc2 Ne6 26. Rfe1 Bd7 27. Nxg4 Qg5 28. Nh2 Nxd4 29. Qb2 Nxb5 30. Rxe8+ Rxe8 31. Bxb5 cxb5 32. Nf3 Qg4 33. Qf6 Re6 34. Qd8+ Be8 35. Ng5 Re2 36. Qf6 f4 37. Nf3 Re6 38. Qd8 a6 39. Nd4 Nh4 40. g3 fxg3 41. Bxg3 Qxd4 42. Qxh4 Qxc5 43. Qg5+ Rg6 44. Qd8 Rxg3+ 45. Kh1 Qxf2 46. Qxe8+ Qf8 47. Qe6+ Qf7 48. Qc8+ Kg7 49. Rg1 Qh5+ 0-1

[Event "Lanaudiere"]
[Site "Repentigny CAN"]
[Date "2000.10.14"]
[Round "3"]
[White "Duplessis, Jean-Roch"]
[Black "Sasseville, Jean"]
[Result "1/2-1/2"]
[WhiteElo "1439"]
[BlackElo "1510"]
[PlyCount "100"]
[GameId "2160767911652719"]
[EventDate "2000.08.18"]
[EventType "swiss"]
[EventRounds "5"]
[EventCountry "CAN"]

1. e4 c5 2. Nf3 e6 3. c4 Nc6 4. Nc3 Nf6 5. d3 d5 6. Bg5 d4 7. Ne2 Be7 8. Ng3 O-O 9. Be2 Ne8 10. Bd2 f5 11. Qc1 e5 12. exf5 Bxf5 13. Nxf5 Rxf5 14. g4 Rf8 15. g5 g6 16. h4 Nd6 17. Nh2 e4 18. Ng4 Qd7 19. Nh6+ Kg7 20. Bg4 Qc7 21. O-O Ne5 22. dxe4 Nxg4 23. Nxg4 Nxe4 24. Re1 Nxf2 25. Rxe7+ Qxe7 26. Nxf2 Qe2 27. Qe1 Rae8 28. Qxe2 Rxe2 29. Be1 Rxb2 30. Nd3 Rc2 31. Nxc5 Rf5 32. Ne6+ Kf7 33. Nxd4 Rxc4 34. Nxf5 gxf5 35. Rd1 Ke7 36. a3 a5 37. Bxa5 Rxh4 38. Bd8+ Ke6 39. Rb1 Rh3 40. a4 Ra3 41. a5 Kd7 42. Bf6 Rxa5 43. Rxb7+ Ke6 44. Rxh7 f4 45. Re7+ Kf5 46. Re5+ Rxe5 47. Bxe5 Kxe5 48. g6 Kf6 49. Kf2 Kxg6 50. Kf3 Kf5 1/2-1/2

[Event "Lanaudiere"]
[Site "Repentigny CAN"]
[Date "2000.10.14"]
[Round "3"]
[White "Dupont, Alain"]
[Black "Remillard, Pierre"]
[Result "1/2-1/2"]
[WhiteElo "1639"]
[BlackElo "1523"]
[PlyCount "111"]
[GameId "2160767911652720"]
[EventDate "2000.08.18"]
[EventType "swiss"]
[EventRounds "5"]
[EventCountry "CAN"]

1. e4 c5 2. Nf3 Nc6 3. d4 cxd4 4. Nxd4 e6 5. Be2 Nf6 6. Nc3 Be7 7. O-O O-O 8. Be3 d6 9. Qd2 e5 10. Nb3 a6 11. f3 Be6 12. Rfd1 Bxb3 13. axb3 b5 14. Bg5 h6 15. Bxf6 Bxf6 16. Qxd6 Qxd6 17. Rxd6 Nb4 18. Rd2 Bg5 19. Rd7 Nxc2 20. Rad1 Be3+ 21. Kh1 Bd4 22. g4 Rfd8 23. Rxd8+ Rxd8 24. Nd5 Kf8 25. h4 Bxb2 26. Rd2 Rc8 27. Bd1 Nd4 28. Rxb2 Rc1 29. Rd2 Nxf3 30. Rd3 Nd4 31. Kg2 a5 32. Kf2 f6 33. Ke3 b4 34. Kd2 Rc6 35. g5 hxg5 36. hxg5 f5 37. Rxd4 exd4 38. exf5 Rc5 39. Bf3 a4 40. bxa4 b3 41. Be4 b2 42. Nb6 Ke7 43. Bc2 Kd6 44. f6 gxf6 45. gxf6 Ke6 46. Kd1 Rg5 47. Bb1 Kxf6 48. Nc4 Rg1+ 49. Kc2 Rg2+ 50. Kb3 Rg1 51. Kxb2 Ke6 52. Bd3 Rg2+ 53. Kb3 Rg3 54. Kc2 Kd5 55. a5 Kc6 56. a6 1/2-1/2

[Event "Lanaudiere"]
[Site "Repentigny CAN"]
[Date "2000.10.14"]
[Round "3"]
[White "Gilman, Arkadiy"]
[Black "Trottier, Yves"]
[Result "1-0"]
[WhiteElo "2085"]
[BlackElo "1779"]
[PlyCount "85"]
[GameId "2160767911652721"]
[EventDate "2000.08.18"]
[EventType "swiss"]
[EventRounds "5"]
[EventCountry "CAN"]

1. d4 d5 2. c4 e5 3. e3 exd4 4. exd4 Nf6 5. Nc3 Bb4 6. Bg5 O-O 7. cxd5 Re8+ 8. Be2 Qxd5 9. Nf3 Bg4 10. Bxf6 Bxf3 11. O-O Bxe2 12. Nxd5 Bxd1 13. Rfxd1 Bd6 14. Be5 Bxe5 15. dxe5 Na6 16. f4 c6 17. Nc3 Rad8 18. Ne4 Nb4 19. Nd6 Re7 20. Nxb7 Rb8 21. Na5 Rc7 22. a3 Nd5 23. Nxc6 Rxc6 24. Rxd5 g6 25. Rd2 Rb3 26. Re1 Rcb6 27. Ree2 Kg7 28. Rd7 Kf8 29. Rxa7 Rxb2 30. Rxb2 Rxb2 31. a4 Rb1+ 32. Kf2 Rb2+ 33. Kg3 Rb3+ 34. Kh4 Rb2 35. Kh3 Rb3+ 36. g3 Rb2 37. a5 Ra2 38. a6 Kg8 39. Kg4 Rxh2 40. Kg5 Kg7 41. e6 Rh5+ 42. Kg4 Rh1 43. Rxf7+ 1-0

[Event "Lanaudiere"]
[Site "Repentigny CAN"]
[Date "2000.10.14"]
[Round "3"]
[White "Leveille, Alain"]
[Black "Soucy, Hermil"]
[Result "1-0"]
[WhiteElo "1481"]
[BlackElo "1576"]
[PlyCount "53"]
[GameId "2160767911652722"]
[EventDate "2000.08.18"]
[EventType "swiss"]
[EventRounds "5"]
[EventCountry "CAN"]

1. e4 c5 2. d4 cxd4 3. c3 e5 4. cxd4 exd4 5. Qxd4 Nc6 6. Qd1 g6 7. Bc4 Bg7 8. Nf3 Nge7 9. O-O O-O 10. Qd6 h6 11. Na3 a6 12. Nc2 Kh8 13. Rd1 Qb6 14. Rb1 Qb4 15. Nxb4 Nxb4 16. Qxb4 Nc6 17. Qd6 Na7 18. b3 Nc6 19. Bb2 Nd8 20. Bxg7+ Kxg7 21. Nh4 Ne6 22. f4 b6 23. Bd5 Ra7 24. Qxb6 Nxf4 25. Qxa7 Ne2+ 26. Kh1 Nc3 27. Qd4+ 1-0

[Event "Lanaudiere"]
[Site "Repentigny CAN"]
[Date "2000.10.14"]
[Round "3"]
[White "Miron, Francois"]
[Black "Mikanovic, Goran"]
[Result "0-1"]
[WhiteElo "1999"]
[BlackElo "2323"]
[PlyCount "84"]
[GameId "2160767911652723"]
[EventDate "2000.08.18"]
[EventType "swiss"]
[EventRounds "5"]
[EventCountry "CAN"]

1. e4 c5 2. f4 Nc6 3. d3 g6 4. c3 Bg7 5. Be3 d6 6. Be2 Nf6 7. Nd2 O-O 8. g4 b5 9. a3 a5 10. h4 Rb8 11. Bf3 Qc7 12. h5 b4 13. hxg6 hxg6 14. Rc1 bxc3 15. bxc3 Ba6 16. Qe2 Rb2 17. g5 Nd7 18. Qh2 Rfb8 19. Be2 Nf8 20. Ngf3 Ra2 21. f5 Rbb2 22. Qh4 Qd8 23. d4 Bxe2 24. Kxe2 a4 25. Rcf1 cxd4 26. Bxd4 Nxd4+ 27. cxd4 Qa5 28. Qf4 Qb5+ 29. Kf2 Qd3 30. Rd1 Bxd4+ 31. Ke1 Qe3+ 32. Qxe3 Bxe3 33. Ke2 Rxa3 34. Rh4 Bxd2 35. Nxd2 Rg3 36. f6 exf6 37. gxf6 Nd7 38. Rf4 a3 39. Rc1 Rg2+ 40. Ke3 Rbxd2 41. Rc8+ Nf8 42. Rh4 Rh2 0-1

[Event "Lanaudiere"]
[Site "Repentigny CAN"]
[Date "2000.10.14"]
[Round "3"]
[White "Tremblay, Dominique"]
[Black "Dominique, Vladimir"]
[Result "0-1"]
[WhiteElo "1401"]
[BlackElo "1546"]
[PlyCount "70"]
[GameId "2160767911652725"]
[EventDate "2000.08.18"]
[EventType "swiss"]
[EventRounds "5"]
[EventCountry "CAN"]

1. d4 d5 2. Nf3 Nf6 3. Bf4 c5 4. c3 Qb6 5. Qc2 Nc6 6. e3 e6 7. Nbd2 Bd7 8. h3 Rc8 9. Bd3 cxd4 10. exd4 Nb4 11. Qb1 Nxd3+ 12. Qxd3 Qxb2 13. Rb1 Qxc3 14. Ke2 Qxd3+ 15. Kxd3 b6 16. Ne5 Be7 17. g4 h6 18. h4 Ba4 19. Rbc1 O-O 20. g5 Nh5 21. Ke3 Nxf4 22. Kxf4 h5 23. g6 f6 24. Nd3 Bd7 25. Ke3 Rxc1 26. Rxc1 Rc8 27. Rxc8+ Bxc8 28. f4 Ba6 29. Nf3 Bc4 30. Nc1 b5 31. Nb3 Bxb3 32. axb3 a5 33. f5 exf5 34. Nd2 Bd6 35. Kd3 Kf8 0-1

[Event "Lanaudiere"]
[Site "Repentigny CAN"]
[Date "2000.10.15"]
[Round "3"]
[White "Ouellet-Leveille, Bertrand"]
[Black "Tessier, Olivier"]
[Result "1/2-1/2"]
[WhiteElo "1704"]
[BlackElo "1647"]
[PlyCount "82"]
[GameId "2160767911652726"]
[EventDate "2000.08.18"]
[EventType "swiss"]
[EventRounds "5"]
[EventCountry "CAN"]

1. e4 Nf6 2. e5 Nd5 3. d4 d6 4. c4 Nb6 5. f4 dxe5 6. fxe5 c5 7. d5 e6 8. Nc3 exd5 9. cxd5 Qh4+ 10. g3 Qd4 11. Qxd4 cxd4 12. Nb5 Na6 13. Bd2 Nxd5 14. Nxd4 Bc5 15. Ngf3 O-O 16. O-O-O Bg4 17. Be2 Rac8 18. Kb1 Rfe8 19. Bf4 Nxf4 20. gxf4 Red8 21. Nc2 Kf8 22. Rhe1 Nb4 23. Nxb4 Bxb4 24. Rg1 Bf5+ 25. Ka1 Bc5 26. Rgf1 Ke7 27. Nh4 Bc2 28. Rc1 Be3 29. Bg4 Bxc1 30. Bxc8 Bxf4 31. Nf5+ Kf8 32. Nd6 Bxe5 33. Nxf7 Bd3 34. Rf2 Bd4 35. Rf4 Rd5 36. Ne5+ Ke7 37. Nxd3 Be5 38. Re4 Rxd3 39. Rxe5+ Kd8 40. Bf5 Rd1+ 41. Bb1 Rh1 1/2-1/2

[Event "Lanaudiere"]
[Site "Repentigny CAN"]
[Date "2000.08.20"]
[Round "4"]
[White "Soudre, Nicolas"]
[Black "Soskic, Radmilo"]
[Result "1-0"]
[WhiteElo "2230"]
[BlackElo "1752"]
[PlyCount "75"]
[GameId "2160767911652728"]
[EventDate "2000.08.18"]
[EventType "swiss"]
[EventRounds "5"]
[EventCountry "CAN"]

1. e4 e5 2. Nf3 Nf6 3. d4 Nxe4 4. dxe5 d5 5. exd6 Bxd6 6. Bd3 Bf5 7. Qe2 Qe7 8. Nc3 Bb4 9. O-O Nxc3 10. Qxe7+ Bxe7 11. bxc3 Bxd3 12. cxd3 O-O 13. Rb1 b6 14. Bf4 Nd7 15. d4 f6 16. Rfe1 Kf7 17. d5 Bd6 18. Bxd6 cxd6 19. Re6 Nc5 20. Rxd6 Ke7 21. Rc6 Rac8 22. Rxc8 Rxc8 23. Nd4 Kd7 24. Nc6 Re8 25. g3 Re2 26. Nxa7 Rxa2 27. Nb5 Rd2 28. Nd4 Na4 29. Nf5 Nxc3 30. Rxb6 Nxd5 31. Rb7+ Nc7 32. Nxg7 Kc6 33. Rb3 Rd5 34. Rf3 Rd1+ 35. Kg2 Nd5 36. Nh5 Rc1 37. Nxf6 Nxf6 38. Rxf6+ 1-0

[Event "Lanaudiere"]
[Site "Repentigny CAN"]
[Date "2000.10.15"]
[Round "4"]
[White "Gerard, Patrice"]
[Black "Tremblay, Dominique"]
[Result "1-0"]
[WhiteElo "1421"]
[BlackElo "1401"]
[PlyCount "33"]
[GameId "2160767911652729"]
[EventDate "2000.08.18"]
[EventType "swiss"]
[EventRounds "5"]
[EventCountry "CAN"]

1. d4 d5 2. c4 c6 3. cxd5 cxd5 4. Bf4 Nf6 5. Nf3 e6 6. e3 Bb4+ 7. Nbd2 Nh5 8. Bxb8 Bxd2+ 9. Nxd2 Nf6 10. Be5 O-O 11. Bd3 Qe7 12. O-O Nd7 13. Bg3 b6 14. Rc1 Qb4 15. Qc2 g6 16. a3 Qa5 17. Bd6 1-0

[Event "Lanaudiere"]
[Site "Repentigny CAN"]
[Date "2000.10.15"]
[Round "4"]
[White "Poirier, Erik"]
[Black "Dupont, Alain"]
[Result "1-0"]
[WhiteElo "1651"]
[BlackElo "1639"]
[PlyCount "55"]
[GameId "2160767911652732"]
[EventDate "2000.08.18"]
[EventType "swiss"]
[EventRounds "5"]
[EventCountry "CAN"]

1. e4 e6 2. d4 d5 3. e5 c5 4. c3 Nc6 5. Nf3 Qc7 6. Bd3 f6 7. Bf4 fxe5 8. Nxe5 Nf6 9. Ng6 Bd6 10. Bxd6 Qxd6 11. Nxh8 cxd4 12. O-O dxc3 13. Nxc3 Qf8 14. Ng6 hxg6 15. Bxg6+ Kd8 16. Re1 a6 17. Qf3 Bd7 18. Rad1 Ne7 19. Bh5 Rc8 20. Bg4 Rc6 21. Re2 Qf7 22. Rde1 Kc8 23. h3 g5 24. Re5 Nf5 25. Bxf5 exf5 26. Nxd5 g4 27. Qd3 Rd6 28. Qc4+ 1-0

[Event "Lanaudiere"]
[Site "Repentigny CAN"]
[Date "2000.08.20"]
[Round "5"]
[White "Soudre, Nicolas"]
[Black "Fortier, Marc-Andre"]
[Result "1-0"]
[WhiteElo "2230"]
[BlackElo "2124"]
[PlyCount "65"]
[GameId "2160767911652734"]
[EventDate "2000.08.18"]
[EventType "swiss"]
[EventRounds "5"]
[EventCountry "CAN"]

1. e4 c5 2. Nc3 Nc6 3. f4 e6 4. Nf3 g6 5. Bb5 Nge7 6. e5 d5 7. exd6 Nf5 8. Ne4 Bxd6 9. Bxc6+ bxc6 10. d3 Be7 11. b3 f6 12. Bb2 Rf8 13. O-O Qb6 14. Qe2 c4+ 15. Kh1 cxd3 16. Qxd3 Ba6 17. c4 Rd8 18. Qe2 Qe3 19. Qc2 Qd3 20. Qxd3 Rxd3 21. Rad1 Rxd1 22. Rxd1 Bc8 23. Nd4 Nxd4 24. Bxd4 a6 25. Bb6 e5 26. fxe5 fxe5 27. Bc7 Rf4 28. Re1 Bf5 29. Ng3 Bh4 30. Rxe5+ Kd7 31. Rxf5 Rxf5 32. Nxf5 Be1 33. Bg3 1-0

[Event "Lanaudiere"]
[Site "Repentigny CAN"]
[Date "2000.10.15"]
[Round "5"]
[White "Coudari, Yves"]
[Black "Mikanovic, Goran"]
[Result "0-1"]
[WhiteElo "1620"]
[BlackElo "2222"]
[PlyCount "84"]
[GameId "2160767911652735"]
[EventDate "2000.08.18"]
[EventType "swiss"]
[EventRounds "5"]
[EventCountry "CAN"]

1. e4 c5 2. Nf3 e6 3. d3 Nc6 4. g3 d5 5. Nbd2 Bd6 6. Bg2 Nge7 7. O-O O-O 8. Re1 f6 9. Nf1 Qc7 10. Ne3 d4 11. Nc4 e5 12. a4 Rb8 13. Nfd2 b6 14. Nxd6 Qxd6 15. Nc4 Qc7 16. f4 a6 17. fxe5 fxe5 18. Bd2 Be6 19. Na3 b5 20. axb5 axb5 21. Rf1 Rfc8 22. Qh5 Qd7 23. Rf2 Ng6 24. Raf1 c4 25. h3 Qd6 26. Nb1 b4 27. Bf3 b3 28. c3 cxd3 29. Bg4 Bxg4 30. Qxg4 dxc3 31. Bxc3 Rc7 32. h4 Nf8 33. Nd2 Nd4 34. Kh2 h6 35. Rf6 Qd7 36. Qxd7 Rxd7 37. Ra6 Nfe6 38. Ra5 Nc6 39. Rd5 Rbd8 40. Rxd7 Rxd7 41. Nxb3 Rb7 42. Nd2 Nc5 0-1

[Event "Lanaudiere"]
[Site "Repentigny CAN"]
[Date "2000.10.15"]
[Round "5"]
[White "Dupont, Alain"]
[Black "Duplessis, Jean-Roch"]
[Result "1/2-1/2"]
[WhiteElo "1639"]
[BlackElo "1439"]
[PlyCount "41"]
[GameId "2160767911652736"]
[EventDate "2000.08.18"]
[EventType "swiss"]
[EventRounds "5"]
[EventCountry "CAN"]

1. e4 d5 2. exd5 Nf6 3. d4 Nxd5 4. Nf3 e6 5. c4 Bb4+ 6. Nc3 Nxc3 7. bxc3 Bxc3+ 8. Bd2 Bxa1 9. Qxa1 O-O 10. Be2 Nd7 11. O-O b6 12. Bg5 Nf6 13. Ne5 Bb7 14. f4 c5 15. Rd1 Qc7 16. dxc5 Qxc5+ 17. Kh1 Ne4 18. Rd7 Bc8 19. Be7 Nf2+ 20. Kg1 Nh3+ 21. Kh1 1/2-1/2

[Event "Lanaudiere"]
[Site "Repentigny CAN"]
[Date "2000.10.15"]
[Round "5"]
[White "Tremblay, Dominique"]
[Black "Soucy, Hermil"]
[Result "1-0"]
[WhiteElo "1401"]
[BlackElo "1576"]
[PlyCount "73"]
[GameId "2160767911652737"]
[EventDate "2000.08.18"]
[EventType "swiss"]
[EventRounds "5"]
[EventCountry "CAN"]

1. d4 f5 2. Nf3 Nf6 3. Bf4 d6 4. e3 e6 5. c3 Be7 6. Bd3 O-O 7. h3 b6 8. Nbd2 Bb7 9. O-O Ne4 10. Qc2 Nxd2 11. Nxd2 Bg5 12. Rfe1 Bxf4 13. exf4 Qf6 14. Re3 Qh6 15. Rae1 Re8 16. Bxf5 Bc8 17. Qe4 d5 18. Qxd5 c6 19. Qf3 Bd7 20. g4 Qf6 21. Bd3 Na6 22. Bxa6 b5 23. Ne4 Qf8 24. Nc5 Qf7 25. Qe2 e5 26. Nxd7 Qxd7 27. a4 Rab8 28. c4 bxa4 29. dxe5 Rb6 30. c5 Rbb8 31. Bc4+ Kh8 32. Rd1 Qe7 33. Red3 Qxc5 34. Rd7 Qb6 35. Bf7 Red8 36. e6 g6 37. Qe5# 1-0

[Event "Laval XVII"]
[Site "Laval CAN"]
[Date "2000.04.15"]
[Round "2"]
[White "Martineau, Michel"]
[Black "Auger, Bertrand"]
[Result "0-1"]
[WhiteElo "1913"]
[BlackElo "2000"]
[PlyCount "94"]
[GameId "2160767911724665"]
[EventDate "2000.04.14"]
[EventType "swiss"]
[EventRounds "5"]
[EventCountry "CAN"]
[SourceTitle "EXT 2022"]
[Source "ChessBase"]
[SourceDate "2021.10.06"]
[SourceVersion "1"]
[SourceVersionDate "2021.10.06"]
[SourceQuality "1"]

1. c4 Nf6 2. g3 c5 3. Bg2 Nc6 4. Nc3 g6 5. e4 Bg7 6. Nge2 O-O 7. O-O d6 8. d3 Rb8 9. h3 a6 10. f4 Nd4 11. Be3 Nd7 12. Qd2 b5 13. cxb5 axb5 14. Bxd4 cxd4 15. Nd5 e6 16. Nb4 Qa5 17. Rfd1 Bb7 18. Nc2 Qxd2 19. Rxd2 e5 20. Nb4 Rfc8 21. Rdd1 Nc5 22. Rac1 Ra8 23. b3 f5 24. exf5 Bxg2 25. Kxg2 gxf5 26. Nd5 Rf8 27. b4 Ne6 28. Rd2 Ra7 29. Rc6 Rd7 30. Rb6 Bh6 31. Rxb5 Rg7 32. Kf2 Ra7 33. Rb6 e4 34. dxe4 fxe4 35. Nxd4 Nxd4 36. Rxd4 Rxa2+ 37. Ke3 Ra3+ 38. Kxe4 Bg7 39. Rc4 Re8+ 40. Kf5 Rxg3 41. Rxd6 Rf8+ 42. Ke6 Rxh3 43. b5 Rh6+ 44. Kd7 Rd8+ 45. Kxd8 Rxd6+ 46. Ke7 Bf8+ 47. Ke8 Rxd5 0-1